[Event "blitz-d12"]
[Site "?"]
[Date "2021.08.30"]
[Round "13.10"]
[White "Nakielna, Natalia"]
[Black "Rusiecki, Katarzyna"]
[Result "0-1"]
[BlackElo "1034"]
[WhiteElo "1117"]
[LiveChessVersion "1.4.4"]

1. c4 c5 {[%clk 0:03:03]} 2. Nc3 {[%clk 0:03:04]} Nc6 {[%clk 0:03:05]} 3. g3
{[%clk 0:03:05]} g6 {[%clk 0:03:06]} 4. Bg2 {[%clk 0:03:05]} Bg7 {[%clk 0:03:07]}
5. e3 {[%clk 0:03:06]} e6 {[%clk 0:03:08]} 6. Nge2 {[%clk 0:03:06]} Nge7
{[%clk 0:03:08]} 7. d4 {[%clk 0:03:04]} cxd4 {[%clk 0:03:09]} 8. exd4
{[%clk 0:03:05]} d5 {[%clk 0:03:09]} 9. cxd5 {[%clk 0:03:00]} exd5
{[%clk 0:03:10]} 10. O-O {[%clk 0:02:59]} O-O {[%clk 0:03:10]} 11. Bg5
{[%clk 0:02:53]} Be6 {[%clk 0:03:10]} 12. Bxe7 {[%clk 0:02:50]} Nxe7
{[%clk 0:03:07]} 13. Re1 {[%clk 0:02:46]} Nf5 {[%clk 0:03:03]} 14. Nf4
{[%clk 0:02:35]} Nxd4 {[%clk 0:02:48]} 15. Nfxd5 {[%clk 0:02:34]} Nf5
{[%clk 0:02:40]} 16. Nf4 {[%clk 0:02:27]} Qxd1 {[%clk 0:02:40]} 17. Raxd1
{[%clk 0:02:27]} Rab8 {[%clk 0:02:35]} 18. Nxe6 {[%clk 0:02:24]} fxe6
{[%clk 0:02:35]} 19. Rxe6 {[%clk 0:02:25]} Nd4 {[%clk 0:02:30]} 20. Ree1
{[%clk 0:02:15]} Nc2 {[%clk 0:02:19]} 21. Re7 {[%clk 0:02:09]} Bd4
{[%clk 0:02:11]} 22. Rd2 {[%clk 0:02:00]} Bf6 {[%clk 0:02:00]} 23. Rxb7
{[%clk 0:01:58]} Rxb7 {[%clk 0:02:01]} 24. Bxb7 {[%clk 0:01:57]} Nd4
{[%clk 0:02:00]} 25. Ne4 {[%clk 0:01:52]} Nf3+ {[%clk 0:01:59]} 26. Kg2
{[%clk 0:01:44]} Nxd2 {[%clk 0:01:59]} 27. Nxd2 {[%clk 0:01:41]} Bxb2
{[%clk 0:01:59]} 28. Ne4 {[%clk 0:01:38]} Bd4 {[%clk 0:01:56]} 29. Bd5+
{[%clk 0:01:33]} Kg7 {[%clk 0:01:53]} 30. Ng5 {[%clk 0:01:32]} Rxf2+
{[%clk 0:01:47]} 31. Kh3 {[%clk 0:01:31]} Kh8 {[%clk 0:01:19]} 32. Nf7+
{[%clk 0:01:28]} Kg7 {[%clk 0:01:19]} 33. Ng5 {[%clk 0:01:26]} Rf5
{[%clk 0:01:17]} 34. Ne6+ {[%clk 0:01:03]} Kh6 {[%clk 0:01:16]} 35. g4
{[%clk 0:00:48]} Rxd5 {[%clk 0:01:16]} 36. g5+ {[%clk 0:00:48]} Rxg5
{[%clk 0:01:15]} 37. Nxg5 {[%clk 0:00:45]} Kxg5 {[%clk 0:01:15]} 38. Kg3
{[%clk 0:00:45]} Be5+ {[%clk 0:01:15]} 39. Kg2 {[%clk 0:00:46]} h5
{[%clk 0:01:15]} 40. a4 {[%clk 0:00:43]} a5 {[%clk 0:01:15]} 41. Kh3
{[%clk 0:00:41]} h4 {[%clk 0:01:15]} 42. Kg2 {[%clk 0:00:40]} Kg4
{[%clk 0:01:14]} 43. h3+ {[%clk 0:00:40]} Kf4 {[%clk 0:01:14]} 44. Kh2
{[%clk 0:00:40]} Kf3+ {[%clk 0:01:13]} 45. Kg1 {[%clk 0:00:39]} Kg3
{[%clk 0:01:14]} 46. Kh1 {[%clk 0:00:38]} Kxh3 {[%clk 0:01:15]} 47. Kg1
{[%clk 0:00:38]} Kg3 {[%clk 0:01:16]} 48. Kf1 {[%clk 0:00:31]} Bd4
{[%clk 0:01:14]} 49. Ke2 {[%clk 0:00:30]} h3 {[%clk 0:01:15]} 50. Kd3
{[%clk 0:00:31]} h2 {[%clk 0:01:16]} 51. Kxd4 {[%clk 0:00:32]} h1=Q
{[%clk 0:01:17]} 52. Kc5 {[%clk 0:00:30]} Qb1 {[%clk 0:01:16]} 53. Kd5
{[%clk 0:00:30]} Qc2 {[%clk 0:01:17]} 54. Ke5 {[%clk 0:00:30]} Qc4
{[%clk 0:01:16]} 55. Kf6 {[%clk 0:00:30]} Qd5 {[%clk 0:01:16]} 56. Kxg6
{[%clk 0:00:30]} Kf4 {[%clk 0:01:13]} 57. Kf6 {[%clk 0:00:30]} Qd6+
{[%clk 0:01:14]} 58. Kf7 {[%clk 0:00:29]} Kg5 {[%clk 0:01:14]} 59. Ke8
{[%clk 0:00:25]} Qc7 {[%clk 0:01:15]} 60. Kf8 {[%clk 0:00:25]} Kf6
{[%clk 0:01:15]} 61. Kg8 {[%clk 0:00:25]} Qg7# {[%clk 0:01:16]} 0-1